1200 1765 1277 1055 1109 1504 1405 1265 1772 1484 1937 1048 1160 1716 1720 1379 1007 1426 1910 1313 1931 1591 1066 1852 1054 1024 1480 1060 1814 1883 1074 1454 1406 1368 1361 1334 1497 1628 1782 1402 1814 1828 1500 1934 1665 1847 1078 1823 1179 1801 1871 1834 1060 1932 1941 1679 1761 1048 1396 1574 1799 1801 1720 1363 1814 1441 1298 1051 1736 1201 1316 1432 1387 1338 1464 1844 1331 1140 1268 1951 1667 1765 1667 1324 1800 1080 1405 1193 1994 1576 1443 1720 1064 1825 1364 1414 1168 1996 1996 BCNSPRNW ULIB Ver.6.0+V

เปลี่ยนเป็นภาษาไทย

Change to English
 แสดงรายละเอียดบรรณานุกรม
  กลับหน้าหลัก

Brief Record : Get Marc (ISO 2709) : E-mail record : QR code < ปิดหน้าต่าง
LEADER : 00000nam 2200000uu 4500
001    13399111831
003     ULIB
008    110627s2550||||th 000 0 tha d
020    9789747503074
090    นว.^bย213ห 2550
100 0  Yayoi
245 00 หนึ่งจันทร์กลางใจ/^cYayoi
250    พิมพ์ครั้งที่ 1
260    กรุงเทพฯ :^bแจ่มใส,^c2550
300    477 หน้า
710 1  แจ่มใส
945    ^p279^l0^i020193
995    ทศพร
999 ^a ใช้งานได้ทุกระบบ
รายการนี้ยังไม่มีแท็ก
คุณยังไม่ได้ล็อกอิน คุณสามารถมีกิจกรรมร่วมกับเว็บไซต์ได้ แต่ต้องล็อกอินก่อน ::
  ล็อกอิน

รายการสื่อสารสนเทศ

ลำดับที่ ประเภท เลขเรียก/บาร์โค้ด สถานที่ สถานะ
- ไม่พบข้อมูล -

รายการใกล้เคียง
    ผู้แต่ง [Yayoi]

BibComment


ยังไม่เคยถูกคอมเมนท์

คอมเมนท์ทรัพยากรรายการนี้
  คอมเมนท์: หนึ่งจันทร์กลางใจ..


 Copyright 2026. Bcnsprnw @Library